All Palestinian Wars - Statistics

General Stats
  • This quiz has been taken 20 times
  • The average score is 6 of 8
Answer Stats
Years War % Correct
2012 2012 Gaza War
94%
2014 2014 Gaza War
94%
2007 Battle of Gaza
94%
2023-Present Gaza War
94%
1987-1993 1st Intifada
72%
2000-2005 2nd Intifada
72%
2006 Gaza-Israel Conflict
50%
2021 Israel-Palestine Crisis
50%
No matching quizzes found
Score Distribution
Percent of People with Each Score
Percentile by Number Answered
Your Score History
You have not taken this quiz